Tatabahasa Sansekerta. (Record no. 87490)

MARC details
000 -LEADER
fixed length control field 00689cam a22002291 4500
001 - CONTROL NUMBER
control field sa 68017051
003 - CONTROL NUMBER IDENTIFIER
control field DLC
005 - DATE AND TIME OF LATEST TRANSACTION
control field 20260227112659.0
008 - FIXED-LENGTH DATA ELEMENTS--GENERAL INFORMATION
fixed length control field 720418s1959 xx 000 0 ind
010 ## - LIBRARY OF CONGRESS CONTROL NUMBER
LC control number sa 68017051
035 ## - SYSTEM CONTROL NUMBER
System control number (OCoLC)287382
040 ## - CATALOGING SOURCE
Original cataloging agency DLC
Transcribing agency OAU
Modifying agency DLC
042 ## - AUTHENTICATION CODE
Authentication code premarc
050 00 - LIBRARY OF CONGRESS CALL NUMBER
Classification number PK585.I5
Item number S64
100 1# - MAIN ENTRY--PERSONAL NAME
Personal name Soewondo, Hartini.
245 10 - TITLE STATEMENT
Title Tatabahasa Sansekerta.
260 ## - PUBLICATION, DISTRIBUTION, ETC.
Place of publication, distribution, etc. Bandung,
Name of publisher, distributor, etc. Departemen Pendidikan, Badan Kerdjasama Senat Mahasiswa F. K. I. P. Seluruh Indonesia
Date of publication, distribution, etc. [1959?]
300 ## - PHYSICAL DESCRIPTION
Extent 78, [8] p.
Dimensions 33 cm.
500 ## - GENERAL NOTE
General note Cover title.
500 ## - GENERAL NOTE
General note Indonesian and Sanskrit (partly in Latin script)
650 #0 - SUBJECT ADDED ENTRY--TOPICAL TERM
Topical term or geographic name entry element Sanskrit language
General subdivision Grammar.

No items available.

Powered by Koha